| 000 | 01360nam a2200349 a 4500 | ||
|---|---|---|---|
| 001 | 000111685 | ||
| 003 | CHAP | ||
| 005 | 20220329144225.0 | ||
| 008 | 150720s2015 mx sm |||||||spa d | ||
| 010 | _a108146 | ||
| 011 | _a109118 | ||
| 040 | _cCHAP | ||
| 090 | _aTesis | ||
| 100 | 1 |
_aIslas Hernández, Xochitl Angélica _9129623 |
|
| 245 | 1 | 0 |
_aAplicación de insecticidas e insectos asociados a Dentroctonus frontalis en el Ejido de Tlaxco, Hidalgo _h[En línea] _cpor Xochitl Angélica Islas Hernández y Wendi Yuremith Solís Santana. |
| 260 |
_aChapingo, Méx. : _bEl autor, _c2015. |
||
| 500 | _aPara ver el contenido del material haga clic en la liga | ||
| 502 | _aTesis (Ing. Agr. Esp. en Parasitología Agrícola) -- UACH. Departamento de Parasitología Agrícola | ||
| 590 |
_aE5765TAJ _b05 _c20150720 _lUCH01 _h1140 |
||
| 590 |
_aE5765TAJ _b05 _c20150720 _lUCH01 _h1141 |
||
| 590 |
_aE5765TAJ _b05 _c20150720 _lUCH01 _h1141 |
||
| 650 | 1 | 4 |
_aDendroctonus frontalis _xControl. _9129625 |
| 650 | 1 | 4 |
_aInsecticidas _xAplicación. _958857 |
| 650 | 1 | 4 |
_aInsectos _xControl. _958908 |
| 650 | 1 | 4 |
_aPinus teocote. _988371 |
| 650 | 1 | 4 |
_aTrampas para insectos. _9114609 |
| 700 | 1 |
_aSolís Santana, Wendi Yuremith _9129624 |
|
| 856 |
_aFinding aid _uhttp://10.13.5.2/tesis/sist111685.pdf _zTeclea aquí |
||
| 901 | _aBK | ||
| 942 | _cTESIS | ||
| 942 | _n0 | ||
| 999 |
_c108146 _d108146 |
||